<?xml version="1.0" encoding="UTF-8"?>
<record
    xmlns:xsi="http://www.w3.org/2001/XMLSchema-instance"
    xsi:schemaLocation="http://www.loc.gov/MARC21/slim http://www.loc.gov/standards/marcxml/schema/MARC21slim.xsd"
    xmlns="http://www.loc.gov/MARC21/slim">

  <leader>00414nam a22001577a 4500</leader>
  <controlfield tag="003">OSt</controlfield>
  <controlfield tag="005">20231212071616.0</controlfield>
  <controlfield tag="008">221212b        xxu||||| |||| 00| 0 eng d</controlfield>
  <datafield tag="020" ind1=" " ind2=" ">
    <subfield code="a">81-224-1824-4</subfield>
  </datafield>
  <datafield tag="040" ind1=" " ind2=" ">
    <subfield code="c">IIMT UNIVERSITY, MEERUT</subfield>
  </datafield>
  <datafield tag="100" ind1=" " ind2=" ">
    <subfield code="a">RAO, M.E THUKARAM </subfield>
  </datafield>
  <datafield tag="245" ind1=" " ind2=" ">
    <subfield code="a">ACCOUNTING FOR MANAGERS</subfield>
  </datafield>
  <datafield tag="260" ind1=" " ind2=" ">
    <subfield code="a">NEW DELHI</subfield>
    <subfield code="b">NEW AGE INTERNATIONAL PUB.</subfield>
    <subfield code="c">2010</subfield>
  </datafield>
  <datafield tag="300" ind1=" " ind2=" ">
    <subfield code="a">1274</subfield>
  </datafield>
  <datafield tag="942" ind1=" " ind2=" ">
    <subfield code="2">ddc</subfield>
    <subfield code="c">01</subfield>
    <subfield code="e">1 EDITION</subfield>
  </datafield>
  <datafield tag="999" ind1=" " ind2=" ">
    <subfield code="c">56171</subfield>
    <subfield code="d">56171</subfield>
  </datafield>
  <datafield tag="952" ind1=" " ind2=" ">
    <subfield code="0">0</subfield>
    <subfield code="1">0</subfield>
    <subfield code="2">ddc</subfield>
    <subfield code="4">0</subfield>
    <subfield code="7">0</subfield>
    <subfield code="a">01</subfield>
    <subfield code="b">01</subfield>
    <subfield code="d">2022-12-12</subfield>
    <subfield code="e">ARISTA PUB.</subfield>
    <subfield code="g">495.00</subfield>
    <subfield code="i">HO/IN/130</subfield>
    <subfield code="l">2</subfield>
    <subfield code="o">657.1511 RAO</subfield>
    <subfield code="p">01-B-138624</subfield>
    <subfield code="r">2026-01-31</subfield>
    <subfield code="s">2026-01-30</subfield>
    <subfield code="w">2022-12-06</subfield>
    <subfield code="y">01</subfield>
  </datafield>
  <datafield tag="952" ind1=" " ind2=" ">
    <subfield code="0">0</subfield>
    <subfield code="1">0</subfield>
    <subfield code="2">ddc</subfield>
    <subfield code="4">0</subfield>
    <subfield code="7">0</subfield>
    <subfield code="a">01</subfield>
    <subfield code="b">01</subfield>
    <subfield code="d">2022-12-12</subfield>
    <subfield code="e">ARISTA PUB.</subfield>
    <subfield code="g">495.00</subfield>
    <subfield code="i">HO/IN/130</subfield>
    <subfield code="l">0</subfield>
    <subfield code="o">657.1511 RAO</subfield>
    <subfield code="p">01-B-138625</subfield>
    <subfield code="r">2022-12-12</subfield>
    <subfield code="w">2022-12-06</subfield>
    <subfield code="y">01</subfield>
  </datafield>
  <datafield tag="952" ind1=" " ind2=" ">
    <subfield code="0">0</subfield>
    <subfield code="1">0</subfield>
    <subfield code="2">ddc</subfield>
    <subfield code="4">0</subfield>
    <subfield code="7">0</subfield>
    <subfield code="a">01</subfield>
    <subfield code="b">01</subfield>
    <subfield code="d">2022-12-12</subfield>
    <subfield code="e">ARISTA PUB.</subfield>
    <subfield code="g">495.00</subfield>
    <subfield code="i">HO/IN/130</subfield>
    <subfield code="l">0</subfield>
    <subfield code="o">657.1511 RAO</subfield>
    <subfield code="p">01-B-138626</subfield>
    <subfield code="r">2022-12-12</subfield>
    <subfield code="w">2022-12-06</subfield>
    <subfield code="y">01</subfield>
  </datafield>
  <datafield tag="952" ind1=" " ind2=" ">
    <subfield code="0">0</subfield>
    <subfield code="1">0</subfield>
    <subfield code="2">ddc</subfield>
    <subfield code="4">0</subfield>
    <subfield code="7">0</subfield>
    <subfield code="a">01</subfield>
    <subfield code="b">01</subfield>
    <subfield code="d">2022-12-12</subfield>
    <subfield code="e">ARISTA PUB.</subfield>
    <subfield code="g">495.00</subfield>
    <subfield code="i">HO/IN/130</subfield>
    <subfield code="l">1</subfield>
    <subfield code="o">657.1511 RAO</subfield>
    <subfield code="p">01-B-138627</subfield>
    <subfield code="r">2025-09-10</subfield>
    <subfield code="s">2025-09-02</subfield>
    <subfield code="w">2022-12-06</subfield>
    <subfield code="y">01</subfield>
  </datafield>
  <datafield tag="952" ind1=" " ind2=" ">
    <subfield code="0">0</subfield>
    <subfield code="1">0</subfield>
    <subfield code="2">ddc</subfield>
    <subfield code="4">0</subfield>
    <subfield code="7">0</subfield>
    <subfield code="a">01</subfield>
    <subfield code="b">01</subfield>
    <subfield code="d">2022-12-12</subfield>
    <subfield code="e">ARISTA PUB.</subfield>
    <subfield code="g">495.00</subfield>
    <subfield code="i">HO/IN/130</subfield>
    <subfield code="l">0</subfield>
    <subfield code="o">657.1511 RAO</subfield>
    <subfield code="p">01-B-138628</subfield>
    <subfield code="r">2022-12-12</subfield>
    <subfield code="w">2022-12-06</subfield>
    <subfield code="y">01</subfield>
  </datafield>
  <datafield tag="952" ind1=" " ind2=" ">
    <subfield code="0">0</subfield>
    <subfield code="1">0</subfield>
    <subfield code="2">ddc</subfield>
    <subfield code="4">0</subfield>
    <subfield code="7">0</subfield>
    <subfield code="a">01</subfield>
    <subfield code="b">01</subfield>
    <subfield code="d">2022-12-12</subfield>
    <subfield code="e">ARISTA PUB.</subfield>
    <subfield code="g">495.00</subfield>
    <subfield code="i">HO/IN/130</subfield>
    <subfield code="l">3</subfield>
    <subfield code="o">657.1511 RAO</subfield>
    <subfield code="p">01-B-138629</subfield>
    <subfield code="r">2025-09-24</subfield>
    <subfield code="s">2025-09-18</subfield>
    <subfield code="w">2022-12-06</subfield>
    <subfield code="y">01</subfield>
  </datafield>
  <datafield tag="952" ind1=" " ind2=" ">
    <subfield code="0">0</subfield>
    <subfield code="1">0</subfield>
    <subfield code="2">ddc</subfield>
    <subfield code="4">0</subfield>
    <subfield code="7">0</subfield>
    <subfield code="a">01</subfield>
    <subfield code="b">01</subfield>
    <subfield code="d">2022-12-12</subfield>
    <subfield code="e">ARISTA PUB.</subfield>
    <subfield code="g">495.00</subfield>
    <subfield code="i">HO/IN/130</subfield>
    <subfield code="l">0</subfield>
    <subfield code="o">657.1511 RAO</subfield>
    <subfield code="p">01-B-138630</subfield>
    <subfield code="r">2022-12-12</subfield>
    <subfield code="w">2022-12-06</subfield>
    <subfield code="y">01</subfield>
  </datafield>
  <datafield tag="952" ind1=" " ind2=" ">
    <subfield code="0">0</subfield>
    <subfield code="1">0</subfield>
    <subfield code="2">ddc</subfield>
    <subfield code="4">0</subfield>
    <subfield code="7">0</subfield>
    <subfield code="a">01</subfield>
    <subfield code="b">01</subfield>
    <subfield code="d">2022-12-12</subfield>
    <subfield code="e">ARISTA PUB.</subfield>
    <subfield code="g">495.00</subfield>
    <subfield code="i">HO/IN/130</subfield>
    <subfield code="l">0</subfield>
    <subfield code="o">657.1511 RAO</subfield>
    <subfield code="p">01-B-138631</subfield>
    <subfield code="r">2022-12-12</subfield>
    <subfield code="w">2022-12-06</subfield>
    <subfield code="y">01</subfield>
  </datafield>
  <datafield tag="952" ind1=" " ind2=" ">
    <subfield code="0">0</subfield>
    <subfield code="1">0</subfield>
    <subfield code="2">ddc</subfield>
    <subfield code="4">0</subfield>
    <subfield code="7">0</subfield>
    <subfield code="a">01</subfield>
    <subfield code="b">01</subfield>
    <subfield code="d">2022-12-12</subfield>
    <subfield code="e">ARISTA PUB.</subfield>
    <subfield code="g">495.00</subfield>
    <subfield code="i">HO/IN/130</subfield>
    <subfield code="l">5</subfield>
    <subfield code="o">657.1511 RAO</subfield>
    <subfield code="p">01-B-138632</subfield>
    <subfield code="q">2026-01-30</subfield>
    <subfield code="r">2025-10-27</subfield>
    <subfield code="s">2025-10-27</subfield>
    <subfield code="w">2022-12-06</subfield>
    <subfield code="y">01</subfield>
  </datafield>
  <datafield tag="952" ind1=" " ind2=" ">
    <subfield code="0">0</subfield>
    <subfield code="1">0</subfield>
    <subfield code="2">ddc</subfield>
    <subfield code="4">0</subfield>
    <subfield code="7">0</subfield>
    <subfield code="a">01</subfield>
    <subfield code="b">01</subfield>
    <subfield code="d">2022-12-12</subfield>
    <subfield code="e">ARISTA PUB.</subfield>
    <subfield code="g">495.00</subfield>
    <subfield code="i">HO/IN/130</subfield>
    <subfield code="l">1</subfield>
    <subfield code="o">657.1511 RAO</subfield>
    <subfield code="p">01-B-138633</subfield>
    <subfield code="r">2025-09-11</subfield>
    <subfield code="s">2025-09-03</subfield>
    <subfield code="w">2022-12-06</subfield>
    <subfield code="y">01</subfield>
  </datafield>
</record>
